000 01414nam a22003617a 4500
003 OSt
005 20230421121036.0
008 221006b |||||||| |||| 00| 0 eng d
040 _cBiblioteca Lado V
082 _a707
_bL747a
100 _eeditor
_9805
_aLindo, Ricardo
245 _aARS/
_bRevista de la Dirección Nacional de Artes, CONCULTURA, Ministerio de Educación. San Salvador, El Salvador, C.A./
260 _bConsejo Nacional para la Cultura y el Arte
_bMinisterio de Educación San Salvador
_c1999
_aSan Salvador
300 _c22x28cm
_a91p.
490 _a17
_v1999
505 _aEditorial Carlos Martinez Rivas
505 _aEl Paraiso Recobrado
505 _aEl Balcon sobre la tarde
505 _aEl Placer
505 _aEl Anillo de Oricalco
505 _aLa Carta Muerta
505 _aBeatriz
505 _aSagrada familia
505 _aDos Jovenes Poetas
505 _aLa Cajetilla de Tabaco y el arte del milenio
505 _aBitacora
_gEs Cara Musa Los que se van: Rolando Elias Ilustraciones e Ilustradores
650 _2Tesauro de Arte & Arquitectura
_aARTE
_9703
650 _2Tesauro de Arte & Arquitectura
_aPOESIA
650 _2Tesauro de Arte & Arquitectura
_aLITERATURA
650 _2Tesauro de Arte & Arquitectura
_aARTE CONTEMPORANEO
650 _2Tesauro de Arte & Arquitectura
_aMUJERES ARTISTAS
942 _2ddc
_c1
_h707
_iL747a
_n0
999 _c3425
_d3425